Cantons Suisses si c'étaient des Départements Français - Statistiques

Statistiques générales
  • Ce quiz a été pris 33 fois
  • Le résultat moyen est 14 sur 26
Statistiques - réponses
Hint Réponse % Correct
10 Jura Jura
91%
01 Aar Berne
87%
11 Léman Vaud
83%
24 Tessin Tessin
74%
19 Rhône Genève
70%
23 Territoire de Bâle Bâle-Ville
65%
12 Limmat Zurich
65%
22 Simplon Valais
61%
20 Sarine Fribourg
57%
02 Aar-et-Emme Soleure
57%
16 Reuss Lucerne
52%
08 Basses-Forêts Nidwald
52%
09 Hautes-Forêts Obwald
52%
13 Linth Glaris
48%
18 Rhin-et-Inn Grisons
48%
06 Areuse Neuchâtel
48%
26 Haute-Thur Saint-Gall
48%
03 Aar-et-Reuss Argovie
43%
25 Thur Thurgovie
43%
17 Haute-Reuss Uri
43%
14 Lorze Zoug
43%
04 Bas-Alpstein Appenzell Rhodes-Extérieures
39%
05 Haut-Alpstein Appenzell Rhodes-Intérieures
39%
07 Birse Bâle-Campagne
39%
21 Sihl Schwytz
39%
15 Randen Schaffhouse
30%
Aucun quiz correspondant
Distribution des résultats
% des personnes avec chaque résultat
Percentile par nombre de réponses
Votre historique - résultats
Vous n’avez pas pris ce quiz